000 01126nam0a22002531 4500
001 rc\4418379
005 20221026164249.0
035 _a(NLR Aleph) 008305789
090 _a8665073
_c8665073
100 _a20130416d1960 |||y0rusy50 ca
101 0 _arus
102 _aRU
105 _aa z |||||
200 1 _aЗакономерности размещения месторождений полезных ископаемых
_fОтв. ред. Г.В. Жуков
210 _aКиев
_cИзд-во Акад. наук УССР
_d1960
215 _a195 с.
_cил.
_d22
225 1 _aАкадемия наук СССР. Министерство геологии и охраны недр СССР. Главгеология УССР. Доклады II Всесоюзной объединеной сессии по закономерностям размещения полезных ископаемых и прогнозным картам
_vЧ. 2
702 1 _aЖуков
_bГ. В.
_4340
801 0 _aRU
_bNLR
_gpsbo
801 1 _aRU
_bELAR
_2rusmarc
852 _aNLR
_j60-5/2325-2
942 _cBOOK
980 _aNB